Normal view
MARC view
Entry Personal Name
001 - CONTROL NUMBER
- control field: 14806
003 - CONTROL NUMBER IDENTIFIER
- control field: OSt
005 - DATE AND TIME OF LATEST TRANSACTION
- control field: 20250307015845.0
008 - FIXED-LENGTH DATA ELEMENTS
- fixed length control field: 250307|| aca||aabn | a|a d
040 ## - CATALOGING SOURCE
- Original cataloging agency: OSt
- Transcribing agency: OSt
100 ## - HEADING--PERSONAL NAME
- Personal name: Balano, Celestina O., author
670 ## - SOURCE DATA FOUND
- Source citation: Work cat.: (OSt): Balano, Celestina O., author., The employability of the graduates of bachelor and science in hotel and restaurant management (BSHRM) of the Cavite State University Rosario Campus, S.Y. 2002-2003 to 2006-2007, 2010
